000 01575nam a2200409 i 4500
003 CO-BoRNBP
005 20220317000232.0
007 ta
008 210827r20112015ve a0 sbr s sp spa d
020 _a9789802572915
040 _aCO-BoRNBP
_bspa
_erda
_cCO-BoRNBP
041 0 _aspa
043 _as-ve---
084 _aP RIQ1
100 1 _aMayobre, María Francisca
_eautora
245 1 0 _aRiqui riqui, riqui ran
_bcanciones para jugar y bailar
_cedición María Francisca Mayobre ; ilustraciones de David Márquez ; edición musical Bartolomé Díaz Sahagún ; idea original Magaly Pimentel
250 _aCuarta edición
250 _aQuinta edición
264 1 _aCaracas, Venezuela
_bEkaré Ediciones
_c2011
_c2015
300 _a71 páginas
_bilustraciones a color
_c15 cm
336 _atexto
_btxt
_2rdacontent
337 _asin mediación
_bn
_2rdamedia
338 _avolumen
_bnc
_2rdacarrier
490 0 _aClave de sol
521 _aRecomendado para un público infantil mayor de 6 años
650 1 7 _aPoesía infantil venezolana
_ySiglo XX
_2LEMB
650 1 7 _aLiteratura infantil venezolana
_ySiglo XX
_2LEMB
650 1 7 _aAutores venezolanos
_ySiglo XX
_2LEMB
650 1 7 _aCanciones infantiles
_vPoesía
_2LEMB
650 1 7 _aCanciones de cuna
_vPoesía
_2LEMB
650 1 7 _aMúsica infantil
_vPoesía
_2LEMB
700 1 _aMárquez, David
_eilustrador
_9201316
700 1 _aMayobre, María Francisca
_eeditora
_9201317
700 1 _aDíaz Sahagún, Bartolomé
_eeditor
_9201318
700 1 _aPimentel, Magaly
_ecolaboradora
_9201319
942 _2loc
_cBKLIT
999 _c3481
_d3481